02249nam a22002297a 4500008004100000020001800041040000800059041000800067050002400075100003400099245003700133260003600170300007200206520145300278650003901731650003601770650005401806650002701860942000801887952010901895999001502004251003b |||||||| |||| 00| 0 eng d a9780593797495 ctbs aeng aP53.4115b.W96 2024 aWyner, Gabriel925992eauthor aFluent foreverc/ Gabriel Wyner. aNew York, NY :bHarmony,c2024. axvi, 394 pages :billustrations, tables (black and white) ;c24 cm. aGabriel Wyner speaks seven languages fluently. He didn't learn them in school-who does? Rather, he mastered each one on his own, drawing on free online resources, quick daily practice sessions, and his knowledge of neuroscience and linguistics. In Fluent Forever, Gabe shares his foolproof method for learning any language. It starts by hacking the way your brain naturally encodes information. You'll begin by learning how to hear new sounds and training your tongue to produce them accurately. You'll connect spellings and sounds to images rather than rely on translation exercises so that you start thinking in a new language. With the help of spaced-repetition systems, you'll build a foundation for your language in one week and learn hundreds of words a month-with just a few minutes of practice each day. This revised edition also shares fresh strategies that Gabe has refined over years of study. You'll learn how to: Use your interests to curate vocabulary that you'll actually be excited to study; Pick up the subtleties of your target language by conversing with native speakers; Fast-track fluency with a new appendix devoted to conversation strategies with native speakers; Compile the best language-learning tool kit for your budget; Harness the science of motivation and habit building to turbocharge your progress; Find the perfect level of difficultly with reading and listening comprehension to stay engaged and avoid frustration. 0aFluency (Language learning)925993 0aCommunicative competence925994 0aLanguage and languagesxStudy and teaching925211 0aMultilingualism925995 2lcc 00102lcc4070aTBSbTBSd2025-10-03l1oP53.4115 WYNpB07647r2025-11-05s2025-10-07t1w2025-10-03y1 c5001d5001